Report of the mass communication study team sponsored by the ford foundation (Record no. 491608)

000 -LEADER
fixed length control field 00434cam a22001097a 4500
008 - FIXED-LENGTH DATA ELEMENTS--GENERAL INFORMATION
fixed length control field 180718b1963 xxu||||| |||| 00| 0 eng d
082 ## - DEWEY DECIMAL CLASSIFICATION NUMBER
Classification number I548x54 In2
245 ## - TITLE STATEMENT
Title Report of the mass communication study team sponsored by the ford foundation
Statement of responsibility, etc. by Ministry of Information and Broadcasting
260 ## - PUBLICATION, DISTRIBUTION, ETC.
Place of publication, distribution, etc. New Delhi
Name of publisher, distributor, etc. Ministry of Information and Broadcasting
Date of publication, distribution, etc. 1963
300 ## - PHYSICAL DESCRIPTION
Extent 34+p
700 ## - ADDED ENTRY--PERSONAL NAME
Personal name India. Ministry of Information and Broadcasting
Holdings
Withdrawn status Lost status Damaged status Not for loan Permanent Location Current Location Date acquired Full call number Barcode Date last seen Price effective from Koha item type
        Indian Institute of Public Administration Indian Institute of Public Administration 2018-08-04 I548x54 In2 GG3980 2018-08-04 2018-08-04 GG

Powered by Koha